[Event "Ste-Foy - Morphy"]
[Site "Ste-Foy CAN"]
[Date "2019.02.23"]
[Round "2"]
[White "Laflamme, Simon"]
[Black "Lescarbeau, Martin"]
[Result "1-0"]
[WhiteElo "1973"]
[BlackElo "1722"]
[PlyCount "53"]
[EventDate "2019.02.16"]
[EventType "swiss"]
[EventRounds "5"]
[EventCountry "CAN"]

1. d4 Nf6 2. c4 g6 3. Nc3 Bg7 4. e4 d6 5. Be2 O-O 6. Bg5 e5 7. dxe5 dxe5 8.
Qxd8 Rxd8 9. Nd5 Nxd5 10. Bxd8 Nb4 11. O-O-O c5 12. Be7 N8c6 13. Bxc5 Be6 14.
Nf3 h6 15. a3 Na6 16. Bd6 Rc8 17. b4 Nd4 18. Nxd4 exd4 19. c5 Nc7 20. e5 f6 21.
Bxc7 Rxc7 22. Rxd4 fxe5 23. Rd6 Kf7 24. Bf3 Bf8 25. Rd2 Be7 26. Kb2 g5 27. Bd5
1-0

[Event "Ste-Foy - Morphy"]
[Site "Ste-Foy CAN"]
[Date "2019.02.23"]
[Round "2"]
[White "Sauve, Richard"]
[Black "Oliver, Vance"]
[Result "1-0"]
[WhiteElo "1890"]
[BlackElo "1618"]
[PlyCount "99"]
[EventDate "2019.02.16"]
[EventType "swiss"]
[EventRounds "5"]
[EventCountry "CAN"]

1. d4 d6 2. c4 Nf6 3. Nc3 g6 4. e4 Bg7 5. f3 O-O 6. Be3 Nc6 7. Nge2 a6 8. Qd2
Rb8 9. d5 Ne5 10. Ng3 c6 11. Be2 cxd5 12. cxd5 Bd7 13. O-O b5 14. Rfc1 Qa5 15.
Nf1 Rfc8 16. Nd1 Qxd2 17. Nxd2 h6 18. a3 g5 19. b4 Nh7 20. Rab1 f5 21. Ba7 Ra8
22. Bb6 f4 23. h3 h5 24. Nf2 Nf6 25. Bd4 Ng6 26. Nb3 Kf7 27. Ba1 Ng8 28. Bxg7
Kxg7 29. Nd3 Nh6 30. Nd4 Kf6 31. Rxc8 Rxc8 32. Rc1 Rxc1+ 33. Nxc1 Ne5 34. a4 g4
35. hxg4 hxg4 36. axb5 axb5 37. Kf2 Nc4 38. Bxc4 bxc4 39. b5 g3+ 40. Ke1 Nf7
41. Nc6 Bc8 42. Ne2 e5 43. Kd2 Ng5 44. Na5 Nf7 45. Kc3 Ng5 46. b6 Nxe4+ 47.
fxe4 Bg4 48. Nxg3 Bf3 49. b7 fxg3 50. b8=Q 1-0

[Event "Ste-Foy - Morphy"]
[Site "Ste-Foy CAN"]
[Date "2019.03.02"]
[Round "3"]
[White "Bedard, Maxime"]
[Black "Sauve, Richard"]
[Result "0-1"]
[WhiteElo "1608"]
[BlackElo "1890"]
[PlyCount "112"]
[EventDate "2019.02.16"]
[EventType "swiss"]
[EventRounds "5"]
[EventCountry "CAN"]

1. e4 e6 2. d4 d5 3. Nd2 Nf6 4. e5 Nfd7 5. Bd3 c5 6. c3 Nc6 7. Ndf3 Be7 8. Ne2
Qb6 9. O-O a5 10. Qb3 Qa7 11. Qd1 cxd4 12. cxd4 Nf8 13. Bg5 Bxg5 14. Nxg5 Bd7
15. Bb5 Nxe5 16. Qa4 Bxb5 17. Qxb5+ Nc6 18. f4 h6 19. Nh3 Qa6 20. Qxa6 Rxa6 21.
f5 Rb6 22. b3 exf5 23. Rxf5 Ne7 24. Rf3 Nd7 25. Nhf4 Nf6 26. Re3 g5 27. Nd3 Ne4
28. Ne5 f6 29. Nd3 Kf7 30. Rf1 Rd8 31. Ng3 Nxg3 32. Rxg3 Ng6 33. Ne5+ Nxe5 34.
dxe5 Re8 35. Rxf6+ Rxf6 36. exf6 Kxf6 37. Rh3 Rh8 38. Kf2 Ke5 39. Re3+ Kd6 40.
Ke2 b6 41. Kd3 Rf8 42. Rh3 Rf6 43. Kd4 Rf4+ 44. Ke3 Re4+ 45. Kd3 Rh4 46. Rxh4
gxh4 47. Kd4 Ke6 48. a3 Kd6 49. Kd3 Ke5 50. Ke3 d4+ 51. Kd3 Kd5 52. b4 axb4 53.
axb4 b5 54. g3 hxg3 55. hxg3 h5 56. Kd2 Kc4 0-1

[Event "Ste-Foy - Morphy"]
[Site "Ste-Foy CAN"]
[Date "2019.03.02"]
[Round "3"]
[White "Darveau, Michel"]
[Black "Sarra-Bournet, Marc"]
[Result "0-1"]
[WhiteElo "1372"]
[BlackElo "1852"]
[PlyCount "150"]
[EventDate "2019.02.16"]
[EventType "swiss"]
[EventRounds "5"]
[EventCountry "CAN"]

1. e4 e5 2. Nf3 Nc6 3. d4 exd4 4. Nxd4 Qf6 5. Be3 Bc5 6. c3 Nge7 7. b4 Nxb4 8.
cxb4 Bxb4+ 9. Nd2 c6 10. N4b3 O-O 11. Bd3 d5 12. Bd4 Qg6 13. O-O Bh3 14. Qf3
Bg4 15. Qg3 dxe4 16. Bxe4 f5 17. Bf3 h5 18. h3 f4 19. Qh2 Be6 20. g3 Rad8 21.
Be4 Qg5 22. Nf3 Qh6 23. h4 Nd5 24. Ng5 Bf5 25. Bxd5+ Rxd5 26. gxf4 Bc2 27. Bxa7
Qg6 28. Nd4 Bd3 29. Rfd1 Bc3 30. Qh3 Bxd4 31. Bxd4 Rxd4 32. Qe6+ Qxe6 33. Nxe6
Rfd8 34. Nxd8 Rxd8 35. Kh2 c5 36. Rac1 c4 37. Rc3 b5 38. a3 Rd4 39. Kg3 Kf7 40.
Kf3 Kf6 41. Re1 Rd5 42. Re8 Bg6 43. Rb8 Bf5 44. Rb6+ Kf7 45. Rb7+ Kg6 46. Rb6+
Kh7 47. a4 bxa4 48. Rxc4 Rd3+ 49. Ke2 a3 50. Rc5 a2 51. Ra5 Rd4 52. Rxa2 Rxf4
53. Ra5 g6 54. Ra7+ Kh6 55. Ke3 Rxh4 56. f4 Rh3+ 57. Kd4 h4 58. Rb8 Kh5 59. Ra1
Kg4 60. Ke5 Re3+ 61. Kf6 Re6+ 62. Kf7 Re2 63. Rh8 h3 64. Rg1+ Rg2 65. Rh1 Rg3
66. Rf1 Rg2 67. Rh1 Kxf4 68. R1xh3 Bxh3 69. Rxh3 g5 70. Kf6 Ra2 71. Rh8 g4 72.
Rh4 Ra6+ 73. Ke7 Kg5 74. Rh1 g3 75. Rg1 Kg4 0-1

[Event "Ste-Foy - Morphy"]
[Site "Ste-Foy CAN"]
[Date "2019.03.02"]
[Round "3"]
[White "Desbiens, Raphael"]
[Black "Poliquin, Yvon"]
[Result "1-0"]
[WhiteElo "2201"]
[BlackElo "1888"]
[PlyCount "73"]
[EventDate "2019.02.16"]
[EventType "swiss"]
[EventRounds "5"]
[EventCountry "CAN"]

1. e4 e6 2. d4 d5 3. Nd2 Nc6 4. Ngf3 Nh6 5. c3 f5 6. exd5 exd5 7. Bb5 Nf7 8.
O-O Be7 9. Re1 O-O 10. Nf1 a6 11. Bd3 Nd6 12. Ne3 Ne4 13. c4 Nb4 14. cxd5 Nxd3
15. Qxd3 Bb4 16. Rd1 Nf6 17. Qc4 Bd6 18. Ne5 f4 19. Nc2 Nh5 20. Ne1 g5 21. g3
Qf6 22. Qe2 Ng7 23. gxf4 gxf4 24. N1f3 Bh3 25. Kh1 Rae8 26. Rg1 Kh8 27. Bd2 Nf5
28. Bc3 Ne7 29. Ng5 Bf5 30. Ne6 Bxe6 31. dxe6 Bxe5 32. Qxe5 Qxe5 33. dxe5 Nd5
34. Rad1 c6 35. e7 Rg8 36. e6+ Nxc3 37. Rxg8+ 1-0

[Event "Ste-Foy - Morphy"]
[Site "Ste-Foy CAN"]
[Date "2019.03.02"]
[Round "3"]
[White "Fecteau, Martin"]
[Black "Turcotte, Roger"]
[Result "1-0"]
[WhiteElo "1951"]
[BlackElo "1414"]
[PlyCount "122"]
[EventDate "2019.02.16"]
[EventType "swiss"]
[EventRounds "5"]
[EventCountry "CAN"]

1. Nf3 d5 2. d4 e6 3. g3 c5 4. Bg2 Nc6 5. O-O Nf6 6. b3 Bd6 7. Bb2 b6 8. Nbd2
O-O 9. c4 Qe7 10. e3 cxd4 11. exd4 Ba6 12. Re1 Rfe8 13. Ne5 Rac8 14. a3 Bxe5
15. dxe5 Nd7 16. cxd5 exd5 17. e6 Nf6 18. exf7+ Qxf7 19. Rxe8+ Rxe8 20. Nf3 Qh5
21. Bxf6 gxf6 22. Nh4 Re5 23. Qxh5 Rxh5 24. Rd1 Ne7 25. Bf3 Re5 26. Kg2 Be2 27.
Rd2 Bxf3+ 28. Kxf3 Ng6 29. Ng2 Kf7 30. Ne3 Ke6 31. Nc2 h5 32. Nd4+ Kd7 33. Rc2
Ne7 34. Nb5 Nc6 35. Rd2 a6 36. Nc3 Ke6 37. Na4 b5 38. Nc5+ Kd6 39. Nxa6 Re4 40.
Kg2 f5 41. b4 d4 42. Nc5 Kd5 43. Nxe4 fxe4 44. Kf1 d3 45. Rd1 Nd4 46. Rc1 Nc2
47. Rd1 Kc4 48. h3 Nxa3 49. g4 hxg4 50. hxg4 Kc3 51. g5 Kc2 52. g6 Kxd1 53. g7
Kc2 54. g8=Q Nc4 55. Qe6 Nd2+ 56. Kg2 Nb3 57. Qc6+ Kb2 58. Qxe4 d2 59. Qd3 Kc1
60. Qxb3 d1=Q 61. Qxd1+ Kxd1 1-0

[Event "Ste-Foy - Morphy"]
[Site "Ste-Foy CAN"]
[Date "2019.03.02"]
[Round "3"]
[White "Lacerte, Kevin"]
[Black "Chouinard, Etienne"]
[Result "0-1"]
[WhiteElo "1563"]
[BlackElo "1868"]
[PlyCount "30"]
[EventDate "2019.02.16"]
[EventType "swiss"]
[EventRounds "5"]
[EventCountry "CAN"]

1. e4 e5 2. Nf3 Nc6 3. d4 exd4 4. Bc4 Nf6 5. O-O d6 6. Re1 Ne5 7. Bb3 Bg4 8. h3
Nxf3+ 9. gxf3 Bxh3 10. e5 dxe5 11. Rxe5+ Be7 12. Qe2 Kf8 13. Bg5 Bd6 14. Rd5 h6
15. Qc4 Be6 0-1

[Event "Ste-Foy - Morphy"]
[Site "Ste-Foy CAN"]
[Date "2019.03.02"]
[Round "3"]
[White "Nafii, Adil"]
[Black "Laflamme, Simon"]
[Result "0-1"]
[WhiteElo "1612"]
[BlackElo "1973"]
[PlyCount "76"]
[EventDate "2019.02.16"]
[EventType "swiss"]
[EventRounds "5"]
[EventCountry "CAN"]

1. d4 Nf6 2. c4 e6 3. Nc3 Bb4 4. Bd2 d5 5. e3 O-O 6. cxd5 exd5 7. Bd3 Bg4 8.
Nge2 c6 9. Rc1 Nbd7 10. O-O Re8 11. h3 Bh5 12. Qc2 Bg6 13. Bxg6 hxg6 14. a3 Bd6
15. b4 Nb6 16. Na4 Nc4 17. Ra1 Ne4 18. Be1 Bc7 19. Nc5 Qd6 20. g3 Ng5 21. Nf4
Nf3+ 22. Kh1 g5 23. Ng2 Qh6 24. Qf5 Nxe1 25. Rfxe1 g6 26. Qd7 Rac8 27. Nxb7 f5
28. Qxc6 Qxh3+ 29. Kg1 Kg7 30. Qxd5 Nb6 31. Qf3 Rh8 32. Kf1 g4 33. Qd1 Qh1+ 34.
Ke2 Qxg2 35. Nc5 Bxg3 36. Kd3 Bxf2 37. Rf1 Rh3 38. Ne6+ Kf6 0-1

[Event "Ste-Foy - Morphy"]
[Site "Ste-Foy CAN"]
[Date "2019.03.09"]
[Round "4"]
[White "Chouinard, Etienne"]
[Black "Oliver, Vance"]
[Result "1/2-1/2"]
[WhiteElo "1868"]
[BlackElo "1618"]
[PlyCount "61"]
[EventDate "2019.02.16"]
[EventType "swiss"]
[EventRounds "5"]
[EventCountry "CAN"]

1. e4 d6 2. d4 g6 3. Be3 Bg7 4. c3 Nf6 5. f3 Nbd7 6. Bd3 e5 7. d5 c6 8. c4 Nc5
9. Ne2 O-O 10. Nbc3 Nxd3+ 11. Qxd3 Bd7 12. Qd2 Ne8 13. h4 f5 14. Bh6 f4 15.
Bxg7 Nxg7 16. O-O-O c5 17. Rdg1 b5 18. cxb5 a6 19. bxa6 Rxa6 20. Qc2 Qa5 21.
Kd2 c4 22. Ra1 Rb8 23. Kc1 Rbb6 24. Rb1 Qc5 25. Nd1 Ra8 26. Nec3 Nh5 27. Re1
Ng3 28. Nf2 Qb4 29. Qd2 Rab8 30. Nh1 Nh5 31. Re2 1/2-1/2

[Event "Ste-Foy - Morphy"]
[Site "Ste-Foy CAN"]
[Date "2019.03.09"]
[Round "4"]
[White "Laflamme, Simon"]
[Black "Desbiens, Raphael"]
[Result "0-1"]
[WhiteElo "1973"]
[BlackElo "2201"]
[PlyCount "50"]
[EventDate "2019.02.16"]
[EventType "swiss"]
[EventRounds "5"]
[EventCountry "CAN"]

1. d4 Nf6 2. c4 g6 3. Nc3 d5 4. cxd5 Nxd5 5. e4 Nxc3 6. bxc3 Bg7 7. Bg5 c5 8.
Nf3 Qa5 9. Qd2 Nc6 10. e5 O-O 11. Rc1 Rd8 12. d5 Bg4 13. c4 Bxf3 14. Qxa5 Nxa5
15. gxf3 Bxe5 16. Be2 Rd7 17. Bd2 Bc7 18. f4 Rad8 19. f5 b5 20. Bg4 Nxc4 21.
Rxc4 bxc4 22. fxg6 Rxd5 23. gxh7+ Kxh7 24. Be3 Ba5+ 25. Ke2 Bd2 0-1

[Event "Ste-Foy - Morphy"]
[Site "Ste-Foy CAN"]
[Date "2019.03.09"]
[Round "4"]
[White "Poliquin, Yvon"]
[Black "Lescarbeau, Martin"]
[Result "1-0"]
[WhiteElo "1888"]
[BlackElo "1722"]
[PlyCount "68"]
[EventDate "2019.02.16"]
[EventType "swiss"]
[EventRounds "5"]
[EventCountry "CAN"]

1. e4 Nf6 2. e5 Nd5 3. d4 d6 4. Nf3 Nc6 5. exd6 cxd6 6. c4 Nb6 7. d5 Ne5 8. Nd4
g6 9. Be2 Bg7 10. O-O O-O 11. Na3 Ned7 12. Rb1 a5 13. Be3 Nc5 14. b3 e5 15.
dxe6 fxe6 16. Ndb5 Ne4 17. f3 Nc3 18. Nxc3 Bxc3 19. Nb5 Bb4 20. Kh1 Bc5 21.
Bxc5 dxc5 22. Qe1 Bd7 23. Rd1 Qb8 24. Nc3 Bc6 25. Bd3 e5 26. Qg3 Qc7 27. Rfe1
Rae8 28. Nd5 Bxd5 29. cxd5 c4 30. Rc1 c3 31. Bxg6 hxg6 32. Qxg6+ Kh8 33. Re4
Re7 34. d6 Rg7 1-0

[Event "Ste-Foy - Morphy"]
[Site "Ste-Foy CAN"]
[Date "2019.03.09"]
[Round "4"]
[White "Sarra-Bournet, Marc"]
[Black "Fecteau, Martin"]
[Result "0-1"]
[WhiteElo "1852"]
[BlackElo "1951"]
[PlyCount "64"]
[EventDate "2019.02.16"]
[EventType "swiss"]
[EventRounds "5"]
[EventCountry "CAN"]

1. e4 c5 2. Nc3 Nc6 3. f4 g6 4. Nf3 Bg7 5. Bb5 Nd4 6. Bc4 e6 7. Nxd4 cxd4 8.
Nb5 d6 9. c3 Ne7 10. Nxd4 O-O 11. Nf3 d5 12. exd5 exd5 13. Bb3 Nf5 14. O-O d4
15. cxd4 Nxd4 16. Nxd4 Qxd4+ 17. Kh1 Bf5 18. Qf3 Bd3 19. Re1 Rfe8 20. Re3 Re4
21. Rxe4 Bxe4 22. Qe3 Bd3 23. h3 Kf8 24. Qxd4 Bxd4 25. Bd5 h5 26. a4 Re8 27.
Bxb7 h4 28. g3 Re1+ 29. Kh2 Re2+ 30. Kh1 hxg3 31. Bg2 Re1+ 32. Bf1 Bxf1 0-1

[Event "Ste-Foy - Morphy"]
[Site "Ste-Foy CAN"]
[Date "2019.03.09"]
[Round "4"]
[White "Sauve, Richard"]
[Black "Dube, Daniel"]
[Result "1-0"]
[WhiteElo "1890"]
[BlackElo "1804"]
[PlyCount "63"]
[EventDate "2019.02.16"]
[EventType "swiss"]
[EventRounds "5"]
[EventCountry "CAN"]

1. d4 Nf6 2. c4 e6 3. Nc3 d5 4. Bg5 Bb4 5. e3 h6 6. Bh4 g5 7. Bg3 Ne4 8. Qc2 h5
9. f3 Bxc3+ 10. bxc3 Nxg3 11. hxg3 Qd6 12. f4 b6 13. Nf3 g4 14. Ne5 f5 15. Bd3
Nd7 16. cxd5 Nxe5 17. fxe5 Qxd5 18. e4 Qc6 19. Qb3 a6 20. d5 Qc5 21. Ke2 exd5
22. Qxd5 fxe4 23. Qxe4 c6 24. Qg6+ Kd8 25. Qf6+ Kc7 26. Qxh8 Bd7 27. Qxa8 Qxe5+
28. Kd2 Bc8 29. Rhe1 Qxg3 30. Qa7+ Bb7 31. Re7+ Kd6 32. Qxb7 1-0

[Event "Ste-Foy - Morphy"]
[Site "Ste-Foy CAN"]
[Date "2019.03.23"]
[Round "5"]
[White "Desbiens, Raphael"]
[Black "Sauve, Richard"]
[Result "0-1"]
[WhiteElo "2201"]
[BlackElo "1890"]
[PlyCount "128"]
[EventDate "2019.02.16"]
[EventType "swiss"]
[EventRounds "5"]
[EventCountry "CAN"]

1. e4 e6 2. d4 d5 3. Nd2 Nf6 4. e5 Nfd7 5. Bd3 c5 6. c3 Nc6 7. Ne2 cxd4 8. cxd4
f6 9. exf6 Nxf6 10. Nf3 Bd6 11. O-O O-O 12. Bf4 Bxf4 13. Nxf4 Ne4 14. Qc1 Qf6
15. Ne2 Bd7 16. Qe3 Nd6 17. Ne5 Rad8 18. g4 Nf7 19. f4 Nfxe5 20. dxe5 Qe7 21.
Kg2 Nb4 22. Bb1 Bb5 23. Rf3 Bxe2 24. Qxe2 g6 25. Qf2 Qc7 26. a3 Nc6 27. Bd3 g5
28. Rf1 Qg7 29. Bb1 Rxf4 30. Rxf4 gxf4 31. Qxf4 Nxe5 32. Kh1 Ng6 33. Qf6 Qxf6
34. Rxf6 Rf8 35. Rxf8+ Kxf8 36. Kg2 Ke7 37. Kg3 e5 38. h4 Kf6 39. h5 Nf8 40.
Ba2 d4 41. Kf3 h6 42. Ke4 Ne6 43. b4 Nc7 44. Bc4 a6 45. a4 b5 46. axb5 axb5 47.
Bd3 Na6 48. Bxb5 Nxb4 49. Be2 Nc6 50. Bb5 Nd8 51. Bc4 Ne6 52. Kd5 Ng5 53. Bd3
Nh3 54. Bf5 Nf2 55. Kc4 Kg5 56. Bg6 Nxg4 57. Kd3 Nf6 58. Bf7 Kf4 59. Ke2 e4 60.
Bg6 Nd7 61. Kf2 Ne5 62. Be8 e3+ 63. Ke1 d3 64. Bb5 Nf3+ 0-1

[Event "Ste-Foy - Morphy"]
[Site "Ste-Foy CAN"]
[Date "2019.03.23"]
[Round "5"]
[White "Fecteau, Martin"]
[Black "Laflamme, Simon"]
[Result "1/2-1/2"]
[WhiteElo "1951"]
[BlackElo "1973"]
[PlyCount "55"]
[EventDate "2019.02.16"]
[EventType "swiss"]
[EventRounds "5"]
[EventCountry "CAN"]

1. d4 Nf6 2. c4 e6 3. Nf3 b6 4. g3 Bb4+ 5. Bd2 Be7 6. Bg2 c6 7. O-O d5 8. cxd5
cxd5 9. Nc3 O-O 10. Rc1 Bb7 11. Nb5 Nc6 12. Qa4 a6 13. Na3 Qd7 14. Qb3 b5 15.
Nc2 Rfc8 16. Rfd1 Ne4 17. Be1 Rc7 18. Nb4 Na5 19. Qd3 Nc4 20. Qb1 Rac8 21. Nd3
f6 22. b3 Na3 23. Rxc7 Rxc7 24. Qa1 Nc2 25. Qb1 Na3 26. Qa1 Nc2 27. Qb1 Na3 28.
Qa1 1/2-1/2

[Event "Ste-Foy - Morphy"]
[Site "Ste-Foy CAN"]
[Date "2019.03.23"]
[Round "5"]
[White "Michaud, Jacques"]
[Black "Lescarbeau, Martin"]
[Result "0-1"]
[WhiteElo "1578"]
[BlackElo "1722"]
[PlyCount "110"]
[EventDate "2019.02.16"]
[EventType "swiss"]
[EventRounds "5"]
[EventCountry "CAN"]

1. d4 e6 2. Nf3 f5 3. g3 Nf6 4. Bg2 Be7 5. O-O O-O 6. c4 d6 7. Nc3 Nc6 8. Bg5
Ne4 9. Nxe4 fxe4 10. Bxe7 Qxe7 11. Nd2 d5 12. e3 Nb4 13. f4 c6 14. a3 Na6 15.
b4 b5 16. c5 Nc7 17. Bh3 Ne8 18. Qh5 g6 19. Qg5 Qg7 20. Qe5 Qf6 21. Qxf6 Nxf6
22. Nb3 Bd7 23. Na5 Rae8 24. Nb7 Re7 25. Nd6 Ne8 26. Nxe8 Rexe8 27. Ra2 a5 28.
Rff2 Ra8 29. Bg4 Ra7 30. Bd1 Rfa8 31. Bb3 Bc8 32. h4 h5 33. Rg2 Kg7 34. Kh2 Kf6
35. Rgf2 Ke7 36. Kg2 Kd7 37. Kf1 Kc7 38. Ke1 Kb7 39. Kd1 axb4 40. axb4 Ra3 41.
Rab2 Ra1+ 42. Ke2 Rg1 43. Rh2 Rxg3 44. Kf2 Rf3+ 45. Ke2 Ra1 46. Bd1 Ra3 47. Bb3
e5 48. fxe5 Bg4 49. Rg2 Ra1 50. Bd1 Rh3+ 51. Rxg4 hxg4 52. e6 Kc7 53. Kd2 Rxd1+
54. Kxd1 Rh1+ 55. Kd2 Rh2+ 0-1

[Event "Ste-Foy - Morphy"]
[Site "Ste-Foy CAN"]
[Date "2019.03.23"]
[Round "5"]
[White "Poliquin, Yvon"]
[Black "Chouinard, Etienne"]
[Result "0-1"]
[WhiteElo "1888"]
[BlackElo "1868"]
[PlyCount "80"]
[EventDate "2019.02.16"]
[EventType "swiss"]
[EventRounds "5"]
[EventCountry "CAN"]

1. c4 Nf6 2. Nf3 e6 3. d4 d5 4. g3 c6 5. Bg2 Bd6 6. O-O Ne4 7. Qc2 f5 8. b3 Nd7
9. Ba3 Bxa3 10. Nxa3 g5 11. e3 h5 12. Nd2 g4 13. Nxe4 fxe4 14. cxd5 exd5 15.
Rac1 Qe7 16. Qb2 h4 17. b4 hxg3 18. hxg3 Qh7 19. Rfe1 a6 20. Qc2 Nf6 21. Nb1
Qh2+ 22. Kf1 Nh5 23. Nc3 Nxg3+ 24. fxg3 Rf8+ 25. Ke2 Qxg2+ 26. Kd1 Rf2 27. Ne2
Qf3 28. Qc3 Bd7 29. Rc2 b6 30. Kc1 a5 31. Qa3 Qf8 32. Rb2 Rc8 33. Kd1 axb4 34.
Rxb4 c5 35. Rxb6 cxd4 36. Qxf8+ Kxf8 37. Rh1 Ba4+ 38. Ke1 Rxe2+ 39. Kxe2 d3+
40. Kf2 Rc2+ 0-1

[Event "Ste-Foy - Petrossian"]
[Site "Ste-Foy CAN"]
[Date "2019.03.30"]
[Round "1"]
[White "Chabot, Michelin"]
[Black "Laflamme, Simon"]
[Result "0-1"]
[WhiteElo "1543"]
[BlackElo "1981"]
[PlyCount "106"]
[EventDate "2019.03.30"]
[EventType "swiss"]
[EventRounds "5"]
[EventCountry "CAN"]

1. d4 Nf6 2. c4 e6 3. Nc3 Bb4 4. Bg5 c5 5. e3 Qa5 6. Bxf6 Bxc3+ 7. bxc3 Qxc3+
8. Ke2 gxf6 9. Rc1 Qa5 10. Qc2 Nc6 11. Nf3 d6 12. Qb2 Ke7 13. Nd2 cxd4 14. exd4
e5 15. Nb3 Qb6 16. d5 Nd4+ 17. Ke1 Qb4+ 18. Qc3 Qxc3+ 19. Rxc3 Nxb3 20. axb3 b6
21. Be2 Rg8 22. Rg3 Bf5 23. Kd2 Bg6 24. Ra1 a5 25. h4 Be4 26. Rxg8 Rxg8 27. g3
Bf5 28. Bd1 Rc8 29. Bc2 Bg6 30. Bxg6 fxg6 31. Kd3 Kd7 32. f3 h5 33. b4 axb4 34.
Ra4 b5 35. Rxb4 bxc4+ 36. Kc3 f5 37. Rb7+ Rc7 38. Rb4 Ke7 39. Rb6 Rc5 40. Rb7+
Kf6 41. Rb6 Rxd5 42. Kxc4 Rd4+ 43. Kc3 Ke6 44. Rb8 Rd1 45. Re8+ Kf7 46. Rd8 Rf1
47. Rxd6 Rxf3+ 48. Rd3 Rxd3+ 49. Kxd3 Ke6 50. Ke3 Kd5 51. Kf3 Kd4 52. Ke2 Ke4
53. Kf2 Kd3 0-1

[Event "Ste-Foy - Petrossian"]
[Site "Ste-Foy CAN"]
[Date "2019.03.30"]
[Round "1"]
[White "Darveau, Michel"]
[Black "Fecteau, Martin"]
[Result "0-1"]
[WhiteElo "1424"]
[BlackElo "1919"]
[PlyCount "101"]
[EventDate "2019.03.30"]
[EventType "swiss"]
[EventRounds "5"]
[EventCountry "CAN"]

1. e4 c5 2. Nf3 Nc6 3. d4 cxd4 4. Nxd4 Nf6 5. Nc3 d6 6. Bb5 Bd7 7. O-O g6 8.
Be3 Bg7 9. Re1 O-O 10. a3 a6 11. Nxc6 bxc6 12. Bc4 Ng4 13. Bd2 Qb6 14. Be3 Nxe3
15. Rxe3 Qc5 16. Bb3 Bd4 17. Na4 Qa7 18. Rd3 Bxf2+ 19. Kh1 Bh4 20. Qf3 Bf6 21.
Rad1 Be5 22. Nc3 Be6 23. Ba2 Bxc3 24. Rxc3 Bxa2 25. b3 Rac8 26. Ra1 Bxb3 27.
cxb3 Qd4 28. Rd1 Qe5 29. Rc4 c5 30. g3 Rb8 31. Ra4 Rb6 32. Qd3 Rfb8 33. Re1
Rxb3 34. Qxa6 Qc3 35. Qf1 Rxa3 36. Rc4 Qf3+ 37. Kg1 Qxf1+ 38. Kxf1 Rf3+ 39. Kg2
Rf6 40. e5 Rb2+ 41. Kh3 Rff2 42. exd6 exd6 43. Re8+ Kg7 44. Rd8 Rxh2+ 45. Kg4
f5+ 46. Kf4 Rhf2+ 47. Ke3 Rbe2+ 48. Kd3 Re6 49. Rd7+ Kf6 50. Rxh7 Rf3+ 51. Kd2
0-1

[Event "Ste-Foy - Petrossian"]
[Site "Ste-Foy CAN"]
[Date "2019.03.30"]
[Round "1"]
[White "Drolet, Stephane"]
[Black "Lapointe, Daniel"]
[Result "1-0"]
[WhiteElo "2058"]
[BlackElo "1556"]
[PlyCount "53"]
[EventDate "2019.03.30"]
[EventType "swiss"]
[EventRounds "5"]
[EventCountry "CAN"]

1. d4 d5 2. c4 e6 3. Nc3 Nf6 4. cxd5 exd5 5. Bg5 Be7 6. e3 Nbd7 7. Bd3 h6 8.
Bf4 a6 9. Qf3 c6 10. h3 O-O 11. g4 Nh7 12. Qg3 b5 13. h4 Ndf6 14. g5 Nh5 15.
Qf3 Nxf4 16. exf4 Qd6 17. Nge2 f5 18. O-O-O Bd7 19. Rdg1 Kh8 20. Kb1 Bd8 21.
Nd1 Bc7 22. Ne3 a5 23. Qh3 g6 24. h5 hxg5 25. hxg6 Qxg6 26. Rxg5 Qf7 27. Rh5
1-0

[Event "Ste-Foy - Petrossian"]
[Site "Ste-Foy CAN"]
[Date "2019.03.30"]
[Round "1"]
[White "Dussault, Gilles"]
[Black "Lescarbeau, Martin"]
[Result "0-1"]
[WhiteElo "1387"]
[BlackElo "1778"]
[PlyCount "96"]
[EventDate "2019.03.30"]
[EventType "swiss"]
[EventRounds "5"]
[EventCountry "CAN"]

1. e4 e6 2. d4 d5 3. e5 c5 4. c3 Nc6 5. Nf3 Qb6 6. Na3 cxd4 7. cxd4 f6 8. Bb5
Bd7 9. O-O Nxe5 10. dxe5 Bxb5 11. Nxb5 Qxb5 12. Nd4 Qd7 13. Re1 f5 14. Bg5 h6
15. Qh5+ Qf7 16. Qxf7+ Kxf7 17. Bd2 Bc5 18. Nb5 Rc8 19. Rac1 Ne7 20. b4 a6 21.
Nd6+ Bxd6 22. exd6 Nc6 23. Re3 Rhd8 24. Rg3 g5 25. h4 f4 26. Rd3 Ne5 27. Rdc3
Nc4 28. Be1 Rxd6 29. hxg5 hxg5 30. Rh3 Kg6 31. Rb3 b5 32. g3 e5 33. gxf4 gxf4
34. Rh3 d4 35. f3 Rdc6 36. Rh4 d3 37. Bc3 Kg5 38. Rg4+ Kf5 39. Rd1 Ne3 40. Bxe5
Nxg4 41. Bd4 Ne5 42. Bc5 d2 43. Kf2 Nd3+ 44. Ke2 Nxc5 45. bxc5 Rxc5 46. Rxd2
Rc2 47. Kd1 Rxd2+ 48. Kxd2 Rh8 0-1

[Event "Ste-Foy - Petrossian"]
[Site "Ste-Foy CAN"]
[Date "2019.03.30"]
[Round "1"]
[White "Kamara, Adama"]
[Black "Fleury, Dominic"]
[Result "0-1"]
[WhiteElo "1705"]
[BlackElo "1372"]
[PlyCount "52"]
[EventDate "2019.03.30"]
[EventType "swiss"]
[EventRounds "5"]
[EventCountry "CAN"]

1. e4 e5 2. Nf3 Nc6 3. d4 exd4 4. Bc4 Nf6 5. e5 d5 6. Bb5 Nd7 7. O-O a6 8. Bxc6
bxc6 9. e6 fxe6 10. Nxd4 Ne5 11. Qh5+ Ng6 12. Nxc6 Qd6 13. Ne5 Qxe5 14. Qg4 Bd6
15. f4 Qd4+ 16. Kh1 O-O 17. Rd1 Qf2 18. Qg3 Qxc2 19. Nc3 Nxf4 20. Rd2 Qg6 21.
Qxg6 Nxg6 22. Rd1 Bb7 23. Be3 c5 24. Na4 d4 25. Bg1 Nf4 26. Nb6 Bxg2# 0-1

[Event "Ste-Foy - Petrossian"]
[Site "Ste-Foy CAN"]
[Date "2019.03.30"]
[Round "1"]
[White "Sarra-Bournet, Marc"]
[Black "Gougeon, Patrick"]
[Result "1-0"]
[WhiteElo "1859"]
[BlackElo "1391"]
[PlyCount "93"]
[EventDate "2019.03.30"]
[EventType "swiss"]
[EventRounds "5"]
[EventCountry "CAN"]

1. e4 d5 2. exd5 Qxd5 3. Nc3 Qd6 4. d4 Nf6 5. Nf3 g6 6. Bc4 Bg7 7. O-O O-O 8.
h3 a6 9. Be3 b5 10. Bb3 Bb7 11. Qe2 e6 12. Rfd1 Nbd7 13. Bg5 Rfe8 14. Ne1 Rad8
15. Rd2 b4 16. Na4 Ne4 17. Bxd8 Nxd2 18. Bxc7 Qxc7 19. Qxd2 Qd6 20. Rd1 Rd8 21.
c4 bxc3 22. bxc3 Bc6 23. Nb2 Nc5 24. Nc4 Nxb3 25. axb3 Qc7 26. Ne3 Bh6 27. Qa2
Bxe3 28. fxe3 Rd5 29. Qf2 Rf5 30. Qh4 Rh5 31. Qf4 Qb7 32. b4 Kg7 33. Rd2 Rf5
34. Qg3 f6 35. Qd6 Bd5 36. g4 Rg5 37. Rf2 Bc4 38. Qd8 Qf7 39. e4 h5 40. Nf3 Rb5
41. Ne5 Rxe5 42. dxe5 f5 43. exf5 gxf5 44. gxf5 exf5 45. Rg2+ Kh7 46. Qf6 Qd7
47. Qg6+ 1-0

[Event "Ste-Foy - Petrossian"]
[Site "Ste-Foy CAN"]
[Date "2019.03.30"]
[Round "1"]
[White "Sauve, Richard"]
[Black "Turcotte, Roger"]
[Result "1-0"]
[WhiteElo "1923"]
[BlackElo "1484"]
[PlyCount "93"]
[EventDate "2019.03.30"]
[EventType "swiss"]
[EventRounds "5"]
[EventCountry "CAN"]

1. d4 d5 2. c4 e6 3. Nc3 c5 4. cxd5 exd5 5. Nf3 Nf6 6. g3 Nc6 7. Bg2 Be7 8. O-O
O-O 9. Bf4 b6 10. Rc1 h6 11. h4 Re8 12. Nb5 Nh5 13. Be3 a6 14. Nc3 Nf6 15. dxc5
bxc5 16. Bxc5 Bxc5 17. Nxd5 Qxd5 18. Qxd5 Nxd5 19. Rxc5 Rxe2 20. Rxd5 Be6 21.
Rd2 Rxd2 22. Nxd2 Rd8 23. Nb3 Nd4 24. Nxd4 Rxd4 25. b3 Rd2 26. Ra1 a5 27. Bf1
h5 28. Bb5 Bd5 29. Kf1 Bf3 30. Bc4 g6 31. a3 Kg7 32. Rc1 Ra2 33. a4 Rb2 34. Re1
f6 35. Be2 Bd5 36. Bd1 Kf7 37. Re3 f5 38. Ke1 Kf6 39. Rd3 Ke5 40. Rd2 Rxd2 41.
Kxd2 Kd4 42. Bc2 Be4 43. Bxe4 fxe4 44. Kc2 e3 45. fxe3+ Kxe3 46. b4 axb4 47. a5
1-0

[Event "Ste-Foy - Petrossian"]
[Site "Ste-Foy CAN"]
[Date "2019.04.06"]
[Round "2"]
[White "Bolduc, Jacques"]
[Black "Kamara, Adama"]
[Result "0-1"]
[WhiteElo "1429"]
[BlackElo "1705"]
[PlyCount "72"]
[EventDate "2019.03.30"]
[EventType "swiss"]
[EventRounds "5"]
[EventCountry "CAN"]

1. d4 Nf6 2. c4 e6 3. Nf3 Bb4+ 4. Nc3 c5 5. e3 Nc6 6. Bd3 Bxc3+ 7. bxc3 d6 8.
O-O e5 9. e4 Bg4 10. d5 Ne7 11. Bg5 Ng6 12. h3 Bd7 13. Kh1 b6 14. Nd2 h6 15.
Bxf6 Qxf6 16. f4 Nxf4 17. Kh2 Qg6 18. Qf3 h5 19. Bc2 Bg4 20. Qg3 Qh6 21. Qf2 f6
22. Nf3 g5 23. h4 Rf8 24. Rae1 Bxf3 25. gxf3 Rg8 26. Rg1 Ke7 27. Rg3 gxh4 28.
Rxg8 Rxg8 29. Rg1 Rxg1 30. Qxg1 Qg5 31. Qf2 h3 32. a4 h4 33. a5 bxa5 34. Bd1
Qg2+ 35. Qxg2 hxg2 36. Be2 h3 0-1